Semiconductor optoelectronic devices / (Record no. 178677)
[ view plain ]
| 000 -LEADER | |
|---|---|
| fixed length control field | 01146 a2200217 4500 |
| 003 - CONTROL NUMBER IDENTIFIER | |
| control field | Nust |
| 005 - DATE AND TIME OF LATEST TRANSACTION | |
| control field | 20221130102219.0 |
| 010 ## - LIBRARY OF CONGRESS CONTROL NUMBER | |
| LC control number | 96035109 |
| 020 ## - INTERNATIONAL STANDARD BOOK NUMBER | |
| International Standard Book Number | 0134956567 |
| 040 ## - CATALOGING SOURCE | |
| Transcribing agency | Nust |
| 082 00 - DEWEY DECIMAL CLASSIFICATION NUMBER | |
| Classification number | 621.38152,BHA |
| 100 1# - MAIN ENTRY--PERSONAL NAME | |
| Personal name | Bhattacharya, Pallab. |
| 9 (RLIN) | 73903 |
| 245 10 - TITLE STATEMENT | |
| Title | Semiconductor optoelectronic devices / |
| Statement of responsibility, etc. | Pallab Bhattacharya. |
| 250 ## - EDITION STATEMENT | |
| Edition statement | 2nd ed. |
| 260 ## - PUBLICATION, DISTRIBUTION, ETC. | |
| Place of publication, distribution, etc. | Upper Saddle River, NJ : |
| Name of publisher, distributor, etc. | Prentice Hall, |
| Date of publication, distribution, etc. | c1997. |
| 300 ## - PHYSICAL DESCRIPTION | |
| Extent | xxv, 613 p. : |
| Other physical details | ill. ; |
| Dimensions | 24 cm. |
| 505 ## - FORMATTED CONTENTS NOTE | |
| Formatted contents note | Elemental and Compound Semiconductors (Page-1), Electronic Properties of Semiconductors (Page-61), Optical Processes in Semiconductors (Page-113), Junction Theory (Page-158), Light Emitting Diodes (Page-206), Lasers: Operating Principles (Page-242), Lasers: Structures and Properties (Page-272), Photodetectors (Page-344), Special Detection Schemes (Page-400), Solar Cells (Page-430), Optoelectronic Modulation and Switching Devices (Page-448), Optoelectronic Integrated Circuits (Page-483), Lightwave Networks (Page-522), List of Symbols (Page-541). |
| 650 #0 - SUBJECT ADDED ENTRY--TOPICAL TERM | |
| Topical term or geographic name entry element | Semiconductors. |
| 9 (RLIN) | 11016 |
| 650 #0 - SUBJECT ADDED ENTRY--TOPICAL TERM | |
| Topical term or geographic name entry element | Telecommunication Engineering |
| 942 ## - ADDED ENTRY ELEMENTS (KOHA) | |
| Source of classification or shelving scheme | |
| Koha item type | Book |
| Withdrawn status | Lost status | Source of classification or shelving scheme | Damaged status | Not for loan | Permanent Location | Current Location | Shelving location | Date acquired | Full call number | Barcode | Date last seen | Price effective from | Koha item type | Public note | Total Checkouts |
|---|---|---|---|---|---|---|---|---|---|---|---|---|---|---|---|
| Military College of Signals (MCS) | Military College of Signals (MCS) | General Stacks | 12/12/2016 | 621.38152,BHA | MCS30309 | 12/08/2016 | 12/12/2016 | Book | Almirah No.33, Shelf No.4 | ||||||
| Military College of Signals (MCS) | Military College of Signals (MCS) | General Stacks | 11/30/2022 | 621.38152,BHA | MCS30398 | 11/30/2022 | 11/30/2022 | Book | Almirah No.33, Shelf No.4 |
